Statistics for Biggest European Cities on Islands

Click here to take the quiz!

General Stats

  • This quiz has been taken 185 times
  • The average score is 16 of 24

Answer Stats

Population City % Correct
8,754,000London
99%
553,000Dublin
98%
1,127,000Birmingham
96%
603,000Glasgow
94%
537,000Manchester
94%
494,000Leeds
90%
480,000Edinburgh
89%
565,000Liverpool
88%
334,000Belfast
85%
674,000Palermo
83%
1,296,000Copenhagen
81%
279,000Newcastle upon Tyne
74%
346,000Cardiff
70%
536,000Sheffield
67%
561,000Bristol
62%
403,000Palma
59%
266,000Southampton
55%
302,000Nottingham
49%
458,000Leicester
44%
313,000Catania
42%
357,000Bradford
32%
287,000Kingston upon Hull
31%
355,000Coventry
26%
273,000Stoke-on-Trent
19%

Score Distribution

Percentile by Number Answered

Percent of People with Each Score

Your Score History

You have not taken this quiz